Länder mit dem größten Militär im 2. Weltkrieg - Statistiken

Allgemein
  • Dieses Quiz wurde 258 mal gespielt
  • Das Durchschnittsergebnis liegt bei 17 aus 22
Antwortstatistiken
Platz Land Truppenstärke Anteil der Bevölkerung Bevölkerung in 1939 % Korrekt
2. Deutschland 18,1 Mio. 22,7% 18,1 Mio.
100%
3. Vereinigte Staaten 16,35 Mio. 12,5% 131,03 Mio.
100%
8. Frankreich 5 Mio. 12% 41,7 Mio.
96%
5. Italien 9,1 Mio. 20,5% 44,39 Mio.
96%
5. Japan 9,1 Mio. 12,7% 71,38 Mio.
96%
1. Sowjetunion 34,75 Mio. 20,38% 170,5 Mio.
95%
7. Vereinigtes Königreich 5,9 Mio. 12,3% 47,76 Mio.
95%
4. China 14 Mio. 2,7% 517,57 Mio.
93%
10. Polen 2 Mio. 5,8% 34,78 Mio.
87%
13. Kanada 1,1 Mio. 9,8% 11,27 Mio.
78%
20. Niederlande 0,4 Mio. 4,6% 8,73 Mio.
72%
16. Belgien 0,6 Mio. 7,2% 8,39 Mio.
71%
9. Indien 2,58 Mio. 0,7% 378 Mio.
69%
14. Australien 1 Mio. 14,4% 6,94 Mio.
68%
10. Rumänien 2 Mio. 10% 19,93 Mio.
66%
17. Ungarn 0,6 Mio. 6,6% 9,13 Mio.
66%
18. Griechenland 0,54 Mio. 7,5% 7,22 Mio.
65%
12. Jugoslawien 1,5 Mio. 9,7% 15,4 Mio.
63%
15. Finnland 0,65 Mio. 17,6% 3,7 Mio.
62%
19. Bulgarien 0,45 Mio. 7% 6,46 Mio.
60%
22. Neuseeland 0,2 Mio. 12,4% 1,64 Mio.
43%
21. Südafrika 0,33 Mio. 3,2% 10,16 Mio.
31%
Keine übereinstimmenden Quizze gefunden
Verteilung der Resultate
Anzahl Personen mit jedem Resultat
Perzentil nach korrekt beantworteten Fragen
Ihre Resultats-Entwicklung
Sie haben dieses Quiz noch nicht gespielt